000 01214cam a2200265 4500
008 000000n2001 000 0 eng u
020 _a1902558278
035 _a(Sirsi) u100889
041 _aeng
050 _a690.241026
100 _aCampbell, Gordon
245 _aHeritage law and policy: listed buildings and conservation areas.
260 _aIsle of Wight
_bPalladian law Publishing
_c2001
300 _axxii, 137p. ; 24cm.
350 _a48.00
520 _aA growing desire to preserve and maintain our national heritage and environment often comes into conflict with commercial needs and pressures. Legislation in the form of the listed building control is intended to maintain that balance, together with designations and controls in conservation areas. This book summarises those rules and identifies the problems for those responsible for property management or those charged with controlling the system
650 _aLISTED BUILDINGS
650 _aLAW
650 _aCONSERVATION AREAS
650 _aHISTORIC BUILDINGS
650 _aEnvironment
_96238
650 _aARCHAEOLOGY
690 _aBUILT ENVIRONMENT-BUILDING MAINTENANCE AND REFURBISHMENT-BUILDING CONSERVATION
942 _n0
999 _c99902
_d99902